Nota peperiksaan : spm-KBSM matematik 1995/6

Bibliographic Details
Main Author: Tiew Eyan Keng
Format: Book
Published: P.Jaya : Preston , 1995
Subjects:

MARC

LEADER 00000cam a2200000 7i4500
001 0000006085
002 000006575
005 20000330.0
020 |a 9679173542 
090 0 0 |a 510   |b TIE 
100 0 |a Tiew Eyan Keng 
245 1 0 |a Nota peperiksaan :   |b spm-KBSM matematik 1995/6   |c Tiew Eyan Keny 
260 |a P.Jaya :   |b Preston ,   |c 1995 
300 |a 573p. ;   |c 28cm. 
650 0 0 |a Mathematics   |x PMR 
999 |a 038214   |b BUKU   |c RUJUKAN   |e PERPUSTAKAAN KOMUNITI PETALING JAYA 
999 |a 038215   |b BUKU   |c RUJUKAN   |e PERPUSTAKAAN KOMUNITI PETALING JAYA